=LDR 00000nam 2200000 4500 =001 INLIS000000000052062 =990 ##$$a 21706196 =005 20240322015742 =990 ##$$a 21706200 =035 ##$$a 0010-0118000250 =990 ##$$a 21706199 =007 ta =990 ##$$a 21706198 =008 240322###########################0###### =990 ##$$a 21706197 =020 ##$$a 978-602-8276-96-2 =082 ##$$a 372.7 =084 ##$$a 372.7 ANA a =100 #$$a Anastasia Endah Anastika Dewi =245 1#$$a Buku Pakar Matematika & IPA SD/MI Kelas 4, 5, 6 /$c Anastasia Endah Anastika Dewi =260 ##$$a Yogyakarta :$b Indonesia Cerdas,$c 2016 =300 ##$$a x,346 hlm. : $b ilus. ; $c 26 cm =650 #4$$a Matematika SD =990 ##$$a 21706200 =990 ##$$a 21706199 =990 ##$$a 21706198 =990 ##$$a 21706197 =990 ##$$a 21706196